[Event "RUS-ch Higher League (Women) 69th"]
[Site "Yaroslavl"]
[Date "2019.06.28"]
[Round "2"]
[White "Mokshanova, Elizaveta"]
[Black "Gritsayeva, Oksana"]
[Result "0-1"]
[WhiteElo "2020"]
[BlackElo "2381"]
[PlyCount "84"]
[EventDate "2019.06.27"]
[EventType "swiss"]
[EventRounds "9"]
[EventCountry "RUS"]
[SourceTitle "CBM 191 Extra"]
[Source "ChessBase"]
[SourceDate "2019.09.30"]
[SourceVersion "1"]
[SourceVersionDate "2019.09.30"]
[SourceQuality "1"]

1. e4 c6 2. d4 d5 3. exd5 cxd5 4. c4 Nf6 5. Nc3 g6 6. cxd5 Bg7 7. Qb3 0-0 8. Nge2 Na6 9. Nf4 Nc7 10. Be2 g5 11. Nd3 h6 12. h4 g4 13. Nf4 b5 14. a4 b4 15. Qxb4 Nfxd5 16. Qa5 Nxf4 17. Bxf4 Ne6 18. Qxd8 Rxd8 19. Be3 Nxd4 20. Bxd4 Bxd4 21. Rd1 Bf5 22. Nb5 Bxb2 23. 0-0 a5 24. Nc7 Rxd1 25. Rxd1 Ra7 26. Rd8+ Kg7 27. Nd5 Rd7 28. Rxd7 Bxd7 29. Nb6 Be6 30. Nc4 Bc3 31. Kh2 f5 32. Kg3 Bd7 33. Nb6 Be5+ 34. f4 gxf3+ 35. Kxf3 Bc6+ 36. Ke3 Bxg2 37. Nc4 Bc7 38. Kd4 Kf6 39. Kc5 f4 40. Kb5 e5 41. Nxa5 Bxa5 42. Kxa5 f3 0-1

[Event "RUS-ch Higher League (Women) 68th"]
[Site "Yaroslavl"]
[Date "2018.06.30"]
[Round "5"]
[White "Kochukova, Anna"]
[Black "Mokshanova, Elizaveta"]
[Result "1-0"]
[WhiteElo "2170"]
[BlackElo "2046"]
[PlyCount "53"]
[EventDate "2018.06.26"]
[EventType "swiss"]
[EventRounds "9"]
[EventCountry "RUS"]
[SourceTitle "CBM 185 Extra"]
[Source "ChessBase"]
[SourceDate "2018.07.29"]
[SourceVersion "1"]
[SourceVersionDate "2018.07.29"]
[SourceQuality "1"]

1. e4 c5 2. Nf3 e6 3. d4 cxd4 4. Nxd4 Nc6 5. Nc3 Qc7 6. Be3 a6 7. a3 Nf6 8. f4 d6 9. Qf3 Bd7 10. Be2 Rc8 11. Qg3 Be7 12. 0-0 0-0 13. Rad1 Kh8 14. Nf3 h6 15. e5 Nh7 16. Bd3 Rg8 17. exd6 Bxd6 18. Bxh7 Kxh7 19. Rxd6 Qxd6 20. Ng5+ hxg5 21. Ne4 Qd5 22. Nxg5+ Kg6 23. Ne4+ Kh7 24. Qh4+ Kg6 25. f5+ Qxf5 26. Rxf5 Kxf5 27. Qf4+ 1-0

[Event "Moscow op-B (Women)"]
[Site "Moscow"]
[Date "2015.02.05"]
[Round "6"]
[White "Mokshanova, Elizaveta"]
[Black "Ivanova, Karina"]
[Result "1/2-1/2"]
[WhiteElo "2042"]
[BlackElo "2193"]
[PlyCount "82"]
[EventDate "2015.01.31"]
[EventType "swiss"]
[EventRounds "9"]
[EventCountry "RUS"]
[SourceTitle "CBM 164 Extra"]
[Source "ChessBase"]
[SourceDate "2015.03.02"]
[SourceVersion "1"]
[SourceVersionDate "2015.03.02"]
[SourceQuality "1"]

1. e4 c6 2. d4 d5 3. exd5 cxd5 4. c4 Nf6 5. Nc3 e6 6. cxd5 Nxd5 7. Nf3 Bb4 8. Bd2 Nc6 9. Bd3 0-0 10. 0-0 Be7 11. Qe2 Bf6 12. Qe4 g6 13. Bh6 Re8 14. a3 Bd7 15. Ne5 Nxc3 16. bxc3 Nxe5 17. dxe5 Bc6 18. Qd4 Qxd4 19. cxd4 Be7 20. Rfc1 Red8 21. Be3 Rac8 22. a4 Kg7 23. f4 h5 24. a5 a6 25. Kf2 Bd5 26. Bd2 Rc6 27. g3 Rdc8 28. Ke3 Rxc1 29. Rxc1 Rxc1 30. Bxc1 f5 31. exf6+ Kxf6 32. h4 Bb4 33. Bd2 Ba3 34. Bc3 Bc1+ 35. Bd2 Ba3 36. Bc3 Kf7 37. Bd2 Bc6 38. Bc3 Bc1+ 39. Bd2 Ba3 40. Bc3 Bc1+ 41. Bd2 Ba3 1/2-1/2

[Event "Moscow op-B (Women)"]
[Site "Moscow"]
[Date "2015.02.04"]
[Round "5"]
[White "Chekalkina, Viktoria Olegovna"]
[Black "Mokshanova, Elizaveta"]
[Result "0-1"]
[WhiteElo "1891"]
[BlackElo "2042"]
[PlyCount "86"]
[EventDate "2015.01.31"]
[EventType "swiss"]
[EventRounds "9"]
[EventCountry "RUS"]
[SourceTitle "CBM 164 Extra"]
[Source "ChessBase"]
[SourceDate "2015.03.02"]
[SourceVersion "1"]
[SourceVersionDate "2015.03.02"]
[SourceQuality "1"]

1. e4 c5 2. Nf3 e6 3. d4 cxd4 4. Nxd4 Nc6 5. Nc3 Qc7 6. g3 a6 7. Bg2 Nf6 8. 0-0 Nxd4 9. Qxd4 Bc5 10. Qd1 d6 11. Bg5 Nd7 12. Re1 h6 13. Bf4 g5 14. Be3 Ne5 15. Qe2 Bd7 16. Bxc5 dxc5 17. Nd5 Qd8 18. f4 gxf4 19. gxf4 Ng6 20. f5 Nh4 21. fxe6 Bxe6 22. Qf2 Nxg2 23. Kxg2 Rc8 24. Nf6+ Kf8 25. Rad1 Qc7 26. Nd5 Qe5 27. Nf4 Rg8+ 28. Kh1 Rg5 29. Nd3 Qd4 30. Qh4 Bg4 31. Qxh6+ Qg7 32. Qd6+ Kg8 33. Qf4 Bxd1 34. Rxd1 Rc6 35. e5 Rcg6 36. Qe3 Rh6 37. Nf4 Qxe5 38. Rd8+ Kg7 39. Qd2 Qe4+ 40. Ng2 Rhg6 41. Qc3+ f6 42. Rd7+ Kf8 43. Qd2 Qxg2+ 0-1

[Event "Moscow op-B (Women)"]
[Site "Moscow"]
[Date "2015.02.02"]
[Round "3"]
[White "Kozina, Anastasia"]
[Black "Mokshanova, Elizaveta"]
[Result "0-1"]
[WhiteElo "1897"]
[BlackElo "2042"]
[PlyCount "76"]
[EventDate "2015.01.31"]
[EventType "swiss"]
[EventRounds "9"]
[EventCountry "RUS"]
[SourceTitle "CBM 164 Extra"]
[Source "ChessBase"]
[SourceDate "2015.03.02"]
[SourceVersion "1"]
[SourceVersionDate "2015.03.02"]
[SourceQuality "1"]

1. e4 c5 2. Nf3 e6 3. d4 cxd4 4. Nxd4 Nc6 5. Nc3 Qc7 6. g3 a6 7. Bg2 Nf6 8. 0-0 Nxd4 9. Qxd4 Bc5 10. Qd3 h6 11. Bf4 d6 12. Rad1 e5 13. Be3 Be6 14. Bxc5 dxc5 15. Nd5 Bxd5 16. exd5 Qd6 17. c4 0-0 18. Rfe1 Rfe8 19. a3 Rab8 20. Qc3 b5 21. b3 b4 22. axb4 Rxb4 23. Ra1 g6 24. Ra3 h5 25. Rea1 Rb6 26. Bh3 Ne4 27. Qe3 f5 28. Ra5 Reb8 29. b4 Rxb4 30. Rxa6 R4b6 31. Ra7 Rb1+ 32. Rxb1 Rxb1+ 33. Bf1 Qb8 34. Qa3 Qb2 35. Ra8+ Kg7 36. Qa7+ Kh6 37. Rh8+ Kg5 38. Rxh5+ Kg4 0-1

[Event "EU-ch U16 Girls 23rd"]
[Site "Budva"]
[Date "2013.10.06"]
[Round "7"]
[White "Mokshanova, Elizaveta"]
[Black "Paramzina, Anastasya"]
[Result "0-1"]
[WhiteElo "1968"]
[BlackElo "2072"]
[PlyCount "68"]
[EventDate "2013.09.29"]
[EventType "swiss"]
[EventRounds "9"]
[EventCountry "MNE"]
[SourceTitle "EXT 2014"]
[Source "ChessBase"]
[SourceDate "2013.11.20"]
[SourceVersion "1"]
[SourceVersionDate "2013.11.20"]
[SourceQuality "1"]

1. e4 c5 2. c3 Nf6 3. e5 Nd5 4. d4 cxd4 5. Nf3 Nc6 6. cxd4 d6 7. Bc4 Nb6 8. Bb5 Bd7 9. Nc3 dxe5 10. dxe5 g6 11. 0-0 Bg7 12. Qe2 0-0 13. Bf4 Be6 14. Rfd1 Qc7 15. Rac1 Rad8 16. Ne4 Rxd1+ 17. Qxd1 Rd8 18. Qc2 Nd5 19. Bg3 Ndb4 20. Qa4 Nxa2 21. Rc5 Qd7 22. Ned2 Nab4 23. Rc3 Bh6 24. Nf1 Bd5 25. Bxc6 Nxc6 26. Qh4 Kg7 27. Ng5 Bxg5 28. Qxg5 Nd4 29. f3 Ne2+ 30. Kf2 Nxc3 31. bxc3 Bc4 32. Bf4 Qd1 33. Kg3 Be6 34. h4 Rd7 0-1

[Event "EU-ch U16 Girls 23rd"]
[Site "Budva"]
[Date "2013.10.03"]
[Round "5"]
[White "Mokshanova, Elizaveta"]
[Black "Egyed, Viktoria"]
[Result "1-0"]
[WhiteElo "1968"]
[BlackElo "1835"]
[PlyCount "143"]
[EventDate "2013.09.29"]
[EventType "swiss"]
[EventRounds "9"]
[EventCountry "MNE"]
[SourceTitle "EXT 2014"]
[Source "ChessBase"]
[SourceDate "2013.11.20"]
[SourceVersion "1"]
[SourceVersionDate "2013.11.20"]
[SourceQuality "1"]

1. e4 c5 2. c3 Nf6 3. e5 Nd5 4. d4 cxd4 5. Nf3 Nc6 6. cxd4 d6 7. Bc4 Nb6 8. Bb5 dxe5 9. Nxe5 Bd7 10. Nxd7 Qxd7 11. Nc3 Rd8 12. Qf3 a6 13. Bxc6 Qxc6 14. Qxc6+ bxc6 15. Be3 g6 16. Ke2 Bg7 17. Rhd1 0-0 18. Rac1 f5 19. g3 Rd6 20. Kf3 Rfd8 21. Bg5 Kf7 22. Ne2 R8d7 23. Re1 Nd5 24. a3 Rb7 25. b4 h6 26. Bd2 g5 27. Rc5 e6 28. Rec1 Ne7 29. Be3 Ke8 30. Ra5 Nd5 31. Rxa6 Kd7 32. Rc4 Bf6 33. Rc2 Nc7 34. Ra5 Nb5 35. Rc4 Bd8 36. Ra6 Nc7 37. Ra4 Nd5 38. Rc2 Kc7 39. Nc3 Nxc3 40. Rxc3 Bf6 41. Rc4 Rd5 42. Ra6 Rb6 43. Rxb6 Kxb6 44. a4 Be7 45. Ke2 Kb7 46. f4 Rd8 47. Kd3 Ra8 48. a5 Rc8 49. Rc2 Ka6 50. Kc4 Rb8 51. Bd2 Rg8 52. Bc3 gxf4 53. gxf4 Bd6 54. Rf2 Rg4 55. Bd2 h5 56. Re2 Rg6 57. h3 h4 58. Re1 Be7 59. Be3 Rg2 60. Bc1 Bf8 61. Kb3 Rg3+ 62. Ka4 Rc3 63. Ba3 Rxh3 64. Rxe6 Kb7 65. Rf6 Be7 66. Rxf5 Rd3 67. Rf7 Re3 68. f5 h3 69. f6 h2 70. fxe7 Kc8 71. Rh7 Rxe7 72. Rxh2 1-0

[Event "EU-ch U14 Girls"]
[Site "Prague"]
[Date "2012.08.25"]
[Round "9"]
[White "Heinemann, Josefine"]
[Black "Mokshanova, Elizaveta"]
[Result "1-0"]
[WhiteElo "1839"]
[BlackElo "1859"]
[PlyCount "117"]
[EventDate "2012.08.17"]
[EventType "swiss"]
[EventRounds "9"]
[EventCountry "CZE"]
[SourceTitle "CBM 150 Extra"]
[Source "ChessBase"]
[SourceDate "2012.10.19"]
[SourceVersion "1"]
[SourceVersionDate "2012.10.19"]
[SourceQuality "1"]

1. e4 c5 2. Nf3 Nc6 3. d4 cxd4 4. Nxd4 Nf6 5. Nc3 e5 6. Ndb5 d6 7. Bg5 a6 8. Na3 b5 9. Bxf6 gxf6 10. Nd5 Bg7 11. c3 0-0 12. Nc2 f5 13. exf5 Bxf5 14. Nce3 Be6 15. Bd3 f5 16. 0-0 Ne7 17. Nxe7+ Qxe7 18. Bxf5 Kh8 19. Bxe6 Qxe6 20. Qd5 Qg6 21. Rad1 Rad8 22. Qc6 Rg8 23. g3 Bh6 24. Ng2 d5 25. Qxg6 Rxg6 26. f4 e4 27. Ne3 Rgd6 28. Rd2 Bg7 29. Rfd1 d4 30. cxd4 Rxd4 31. Rxd4 Bxd4 32. Kf1 Kg8 33. Nf5 Bb6 34. Rxd8+ Bxd8 35. Ke2 Bb6 36. Nd6 Bd4 37. b3 Kf8 38. Nxe4 Ke7 39. Kd3 Bb6 40. g4 h6 41. Ng3 Kf6 42. Ke4 a5 43. Nh5+ Kf7 44. Kf5 Bg1 45. h3 a4 46. g5 hxg5 47. fxg5 axb3 48. axb3 b4 49. Nf4 Be3 50. h4 Kg7 51. h5 Kh7 52. Nd5 Bd2 53. Nf6+ Kg7 54. h6+ Kh8 55. Ne4 Be3 56. Kg6 Bf4 57. Kh5 Kh7 58. g6+ Kh8 59. g7+ 1-0

[Event "Moscow op (Women)"]
[Site "Moscow"]
[Date "2012.02.02"]
[Round "6"]
[White "Mokshanova, Elizaveta"]
[Black "Frolova, Ekaterina"]
[Result "0-1"]
[WhiteElo "1788"]
[BlackElo "2005"]
[PlyCount "98"]
[EventDate "2012.01.28"]
[EventType "swiss"]
[EventRounds "9"]
[EventCountry "RUS"]
[SourceTitle "CBM 146 Extra"]
[Source "ChessBase"]
[SourceDate "2012.02.29"]
[SourceVersion "1"]
[SourceVersionDate "2012.02.29"]
[SourceQuality "1"]

1. e4 c5 2. c3 d5 3. exd5 Qxd5 4. d4 Nf6 5. Nf3 g6 6. Be2 cxd4 7. Qxd4 Bg7 8. 0-0 0-0 9. Rd1 Qa5 10. Na3 Nc6 11. Qh4 a6 12. Nc4 Qh5 13. Qxh5 Nxh5 14. Nb6 Rb8 15. Nxc8 Rbxc8 16. Rd7 b5 17. Be3 Nf6 18. Rdd1 e6 19. a4 Rb8 20. Rd6 Rfc8 21. axb5 axb5 22. Ra6 Ne7 23. Rdb6 b4 24. Rxb4 Rxb4 25. cxb4 Ned5 26. b5 Nxe3 27. fxe3 Rc1+ 28. Bf1 Bh6 29. Kf2 Rc2+ 30. Kg3 Ne4+ 31. Kh3 Rxb2 32. Ne5 Bxe3 33. Nc4 Rxb5 34. Nxe3 Rb3 35. Kg4 Rxe3 36. Kf4 Re1 37. Bb5 Nc3 38. Bc6 Kg7 39. Ra7 Rf1+ 40. Ke3 Rf5 41. Rb7 Nd5+ 42. Ke2 Nf6 43. Ra7 Rc5 44. Ba4 g5 45. Kf3 Rc3+ 46. Ke2 Ra3 47. Ra5 Nd5 48. Kd2 Kh6 49. Ra6 Ra2+ 0-1

[Event "Moscow op (Women)"]
[Site "Moscow"]
[Date "2012.01.29"]
[Round "2"]
[White "Postnikova, Anna"]
[Black "Mokshanova, Elizaveta"]
[Result "0-1"]
[WhiteElo "2067"]
[BlackElo "1788"]
[PlyCount "90"]
[EventDate "2012.01.28"]
[EventType "swiss"]
[EventRounds "9"]
[EventCountry "RUS"]
[SourceTitle "CBM 146 Extra"]
[Source "ChessBase"]
[SourceDate "2012.02.29"]
[SourceVersion "1"]
[SourceVersionDate "2012.02.29"]
[SourceQuality "1"]

1. d4 Nf6 2. c4 g6 3. Nf3 Bg7 4. Nc3 0-0 5. Bf4 d6 6. e3 Re8 7. Be2 Nfd7 8. Bg3 e5 9. dxe5 dxe5 10. Qc2 f5 11. 0-0 c6 12. Rad1 h6 13. Ne1 Qe7 14. f3 Na6 15. a3 Nc7 16. b4 Nf6 17. c5 Nfd5 18. Bc4 Be6 19. Nxd5 Nxd5 20. Bxd5 cxd5 21. Nd3 Bf7 22. Nc1 a5 23. Nb3 axb4 24. axb4 Qe6 25. Na5 b6 26. cxb6 Qxb6 27. Qd2 Bf8 28. Rb1 Rab8 29. Be1 f4 30. Qc3 fxe3 31. Kh1 d4 32. Qc6 Qxc6 33. Nxc6 Rb6 34. b5 Bc4 35. Rg1 Rxb5 36. Rxb5 Bxb5 37. Na5 d3 38. Nb3 Bc4 39. Na1 d2 40. Bxd2 exd2 41. Nc2 Rd8 42. Ne3 Bb3 43. Nd1 Bxd1 44. Rxd1 Bb4 45. Kg1 Rc8 0-1

[Event "Moscow op-F (Women)"]
[Site "Moscow"]
[Date "2011.02.02"]
[Round "5"]
[White "Arnatskaya, Zoya"]
[Black "Mokshanova, Elizaveta"]
[Result "0-1"]
[WhiteElo "1867"]
[BlackElo "1711"]
[PlyCount "86"]
[EventDate "2011.01.29"]
[EventType "swiss"]
[EventRounds "9"]
[EventCountry "RUS"]
[SourceTitle "CBM 140 Extra"]
[Source "ChessBase"]
[SourceDate "2011.03.01"]
[SourceVersion "1"]
[SourceVersionDate "2011.03.01"]
[SourceQuality "1"]

1. e4 c5 2. d3 Nc6 3. g3 g6 4. Bg2 Bg7 5. f4 d6 6. Nf3 Nf6 7. c3 0-0 8. 0-0 Rb8 9. Nh4 Qc7 10. a4 a6 11. f5 b5 12. axb5 axb5 13. Nd2 b4 14. Nc4 bxc3 15. bxc3 Nd7 16. Bd2 Nde5 17. Nxe5 Nxe5 18. Qe2 Bd7 19. fxg6 hxg6 20. Nf3 Bg4 21. Qe3 Nxf3+ 22. Bxf3 Bxf3 23. Rxf3 Rb3 24. Rc1 Qa5 25. Qe1 Rb2 26. Bg5 c4 27. Bf4 Qh5 28. Rf2 Rxf2 29. Qxf2 cxd3 30. Qd2 Qc5+ 31. Qe3 d2 32. Rd1 Bxc3 33. Qxc5 dxc5 34. Kf2 Rd8 35. Ke2 Kg7 36. Bxd2 Bxd2 37. Rxd2 Rxd2+ 38. Kxd2 Kf6 39. h4 Ke5 40. Kd3 c4+ 41. Ke3 c3 42. g4 c2 43. Kd2 Kxe4 0-1

[Event "Kostroma Volga Cup op"]
[Site "Kostroma"]
[Date "2010.07.??"]
[Round "5"]
[White "Nikolaev, Nikolay"]
[Black "Mokshanova, Elizaveta"]
[Result "0-1"]
[WhiteElo "2061"]
[BlackElo "1702"]
[PlyCount "72"]
[EventDate "2010.07.??"]
[EventType "swiss"]
[EventRounds "9"]
[EventCountry "RUS"]
[SourceTitle "EXT 2011"]
[Source "ChessBase"]
[SourceDate "2010.11.26"]
[SourceVersion "1"]
[SourceVersionDate "2010.11.26"]
[SourceQuality "1"]

1. d4 Nf6 2. c4 g6 3. Nc3 Bg7 4. Nf3 0-0 5. g3 d6 6. Bg2 Nc6 7. e4 e5 8. d5 Ne7 9. 0-0 Nd7 10. Be3 f5 11. Ng5 Nf6 12. f4 h6 13. Ne6 Bxe6 14. dxe6 exf4 15. Bxf4 Qc8 16. Nd5 Nfxd5 17. exd5 g5 18. Bc1 Ng6 19. Qc2 Ne7 20. Qd3 Qe8 21. Bd2 Qg6 22. Rac1 Bxb2 23. Rb1 Qg7 24. Kh1 Rab8 25. Rf2 Bd4 26. Be3 Bxe3 27. Qxe3 b6 28. Rfb2 f4 29. gxf4 Rxf4 30. Rf2 Rbf8 31. Rbf1 Rxf2 32. Rxf2 Qa1+ 33. Bf1 Qg7 34. Bd3 Rxf2 35. Qxf2 Qf8 36. Qg2 Qf4 0-1